Archival and Secondary Data (Record no. 46555)
[ view plain ]
| 000 -LEADER | |
|---|---|
| fixed length control field | 00487nam a22001817a 4500 |
| 005 - DATE AND TIME OF LATEST TRANSACTION | |
| control field | 20260513142446.0 |
| 008 - FIXED-LENGTH DATA ELEMENTS--GENERAL INFORMATION | |
| fixed length control field | 260513b |||||||| |||| 00| 0 eng d |
| 020 ## - INTERNATIONAL STANDARD BOOK NUMBER | |
| International Standard Book Number | 9781526424723 |
| 041 ## - LANGUAGE CODE | |
| Language code of text/sound track or separate title | Eng |
| 082 ## - DEWEY DECIMAL CLASSIFICATION NUMBER | |
| Classification number | 300.72 CHA |
| 100 ## - MAIN ENTRY--PERSONAL NAME | |
| Author | Chandola, Tarani |
| 245 ## - TITLE STATEMENT | |
| Title | Archival and Secondary Data |
| 260 ## - PUBLICATION, DISTRIBUTION, ETC. | |
| Place | Los Angeles |
| Publisher | Sage |
| Publication Year | 2021 |
| 300 ## - PHYSICAL DESCRIPTION | |
| Extent | 169;. P. 23 cm |
| 650 ## - SUBJECT ADDED ENTRY--TOPICAL TERM | |
| Subject | Statistical Methods; Social Sciences Research--Methodology |
| 700 ## - ADDED ENTRY--PERSONAL NAME | |
| Co-Author | Booker, Cara |
| 942 ## - ADDED ENTRY ELEMENTS (KOHA) | |
| Koha item type | Books |
| Withdrawn status | Lost status | Source of classification or shelving scheme | Damaged status | Not for loan | Home library | Current library | Shelving location | Accession Date | Vendor | Price | Bill number | Total Checkouts | Full call number | Barcode No | Date last seen | Discount | Cost, replacement price | Bill Date | Koha item type | Suggested By |
|---|---|---|---|---|---|---|---|---|---|---|---|---|---|---|---|---|---|---|---|---|
| Dewey Decimal Classification | IMTN | IMTN | Rack 5-A | 05/13/2026 | Raghav Books Private Limited | 4402.38 | 2630 | 300.72 CHA | 34022 | 05/13/2026 | 33 | 2949.59 | 04/30/2026 | Books | Recommended by Dr Veena Pailwar |